Normal view
MARC view
- بخيت ، رجب محمود ابراهيم
Entry Personal Name
001 - CONTROL NUMBER
- control field: 61856
003 - CONTROL NUMBER IDENTIFIER
- control field: JO-AjAnu
005 - DATE AND TIME OF LATEST TRANSACTION
- control field: 20230606084114.0
008 - FIXED-LENGTH DATA ELEMENTS
- fixed length control field: 230606|| aca||aabn | a|a d
040 ## - CATALOGING SOURCE
- Original cataloging agency: JO-AjAnu
- Transcribing agency: JO-AjAnu
100 ## - HEADING--PERSONAL NAME
- Personal name: بخيت ، رجب محمود ابراهيم
670 ## - SOURCE DATA FOUND
- Source citation: Work cat.: (JO-AjAnu)31549: بخيت ، رجب محمود ابراهيم , author, الحضارة العربية الاسلامية في مدينة اردبيل منذ الفتح الالسلامي حتى نهاية العصر العباسي الأول (22-232هـ /642-847م)